Catálogo
 En Linea

Los caracoles : (Registro nro. 34613)

Detalles MARC
000 -CABECERA
campo de control de longitud fija 00872nam a2200229 a 4500
001 - NÚMERO DE CONTROL
campo de control 000035122
005 - FECHA Y HORA DE LA ÚLTIMA TRANSACCIÓN
campo de control 20200930074123.0
008 - DATOS DE LONGITUD FIJA--INFORMACIÓN GENERAL
campo de control de longitud fija 111025s1895 sp 000 0 spa d
040 ## - FUENTE DE LA CATALOGACIÓN
Centro catalogador/agencia de origen DO-SdBNP
Lengua de catalogación spa
Centro/agencia transcriptor BNPHU
082 ## - NÚMERO DE LA CLASIFICACIÓN DECIMAL DEWEY
Número de clasificación xxxx
Número de documento/Ítem L733c
100 1# - ENTRADA PRINCIPAL--NOMBRE DE PERSONA
Nombre de persona Limendoux, Félix
9 (RLIN) 60801
245 14 - MENCIÓN DE TÍTULO
Título Los caracoles :
Resto del título zarzuela cómica en un acto y tres cuadros, en prosa /
Mención de responsabilidad, etc. Félix Limendoux, Mariano de Rojas ; música Brull y San José.
260 ## - PUBLICACIÓN, DISTRIBUCIÓN, ETC.
Lugar de publicación, distribución, etc. Madrid :
Nombre del editor, distribuidor, etc. R. Velasco,
Fecha de publicación, distribución, etc. 1895.
300 ## - DESCRIPCIÓN FÍSICA
Extensión 32 p. ;
Dimensiones 20 cm.
490 1# - MENCIÓN DE SERIE
Mención de serie Administración lírico-dramática
490 1# - MENCIÓN DE SERIE
Mención de serie La propiedad intelectual
700 12 - PUNTO DE ACCESO ADICIONAL--NOMBRE DE PERSONA
Nombre de persona Rojas, Mariano de
9 (RLIN) 60802
700 12 - PUNTO DE ACCESO ADICIONAL--NOMBRE DE PERSONA
Nombre de persona Brull Ayerra, Apolinar,
Fechas asociadas al nombre [1845-1905]
Término indicativo de función/relación mús.
9 (RLIN) 60803
700 12 - PUNTO DE ACCESO ADICIONAL--NOMBRE DE PERSONA
Nombre de persona San José Quijano, Teodoro,
Fechas asociadas al nombre [1866-1930]
Término indicativo de función/relación mús.
9 (RLIN) 60804
830 #0 - PUNTO DE ACCESO ADICIONAL DE SERIE-TÍTULO UNIFORME
Título uniforme Administración lírico-dramática
9 (RLIN) 60790
830 #3 - PUNTO DE ACCESO ADICIONAL DE SERIE-TÍTULO UNIFORME
Título uniforme La propiedad intelectual
9 (RLIN) 60805
Existencias
Estado de retiro Estado de pérdida Restricciones de uso No para préstamo Código de colección Localización permanente Ubicación/localización actual Ubicación en estantería Fecha de adquisición Número de inventario Total de préstamos Signatura topográfica completa Código de barras Fecha visto por última vez Precio válido a partir de Tipo de ítem Koha
      Excluido de préstamo Monografías: Libros y Folletos General General En catalogación 25.10.2011 LF1   xxxx L733c 35122-10 25.06.2020 25.06.2020 No se presta

Con tecnología Koha